1408 1743 1789 1678 1554 1560 1705 1886 1755 1620 1853 1277 1706 1231 1487 1740 1956 1493 1088 1438 1680 1183 1782 1179 1989 1666 1230 1738 1725 1168 1035 1108 1390 1734 1773 1121 1170 1839 1374 1489 1818 1202 1096 1984 1910 1034 1059 1936 1745 1930 1842 1971 1355 1964 1827 1091 1607 1692 1235 1526 1828 1090 1704 1337 1694 1967 1317 1547 1746 1402 1964 1217 1787 1275 1585 1166 1361 1299 1282 1514 1904 1512 1417 1894 1570 1737 1789 1105 1865 1598 1180 1862 1021 1607 1798 1279 1602 1923 1850 BCNSPRNW ULIB Ver.6.0+V

เปลี่ยนเป็นภาษาไทย

Change to English
 แสดงรายละเอียดบรรณานุกรม
  กลับหน้าหลัก

Brief Record : Get Marc (ISO 2709) : E-mail record : QR code < ปิดหน้าต่าง
LEADER : 00000nam 2200000uu 4500
001    13399110755
003     ULIB
008    110608s2552||||th 000 0 tha d
020    9786110401623
060 04 WM105.5^bน195ด 2552
100 0  นภัทร พุกกะณะสุต
245 10 เด็กพิเศษ ช่วยได้ไม่ยาก /^cนภัทร พุกกะณะสุต
250    พิมพ์ครั้งที่ 1
260    กรุงเทพฯ :^bนานมีบุ๊คส์พับลิเคชั่น,^c2552
300    301 หน้า
650  2 Autism, Infantile
650  7 เด็กพิเศษ^xการดูแล
650  7 เด็กสมาธิสั้น
945    ^p175^l0^i026294
945    ^p175^l0^i026295
995    ทศพร
999 ^a ใช้งานได้ทุกระบบ
รายการนี้ยังไม่มีแท็ก
คุณยังไม่ได้ล็อกอิน คุณสามารถมีกิจกรรมร่วมกับเว็บไซต์ได้ แต่ต้องล็อกอินก่อน ::
  ล็อกอิน

รายการสื่อสารสนเทศ

ลำดับที่ ประเภท เลขเรียก/บาร์โค้ด สถานที่ สถานะ
- ไม่พบข้อมูล -

รายการใกล้เคียง
    ผู้แต่ง [นภัทร พุกกะณะสุต]

    หัวเรื่อง [Autism, Infantile]
    หัวเรื่อง [เด็กสมาธิสั้น]

BibComment


ยังไม่เคยถูกคอมเมนท์

คอมเมนท์ทรัพยากรรายการนี้
  คอมเมนท์: เด็กพิเศษ ช่วยได้..


 Copyright 2026. Bcnsprnw @Library